Sports Quiz

Random Sports or Tennis Quiz

US Open Runner-Up (Men) Quiz Stats

 Plays Quiz Updated Sep 11, 2019

Score 0/52 Timer 08:00
0 Plays Today
Year Runner-Up % Correct
2009Roger Federer
97.8%
2015Roger Federer
97.3%
2011Rafael Nadal
96.4%
2010Novak Djokovic
94.4%
2012Novak Djokovic
94.4%
2013Novak Djokovic
94.4%
2007Novak Djokovic
94%
2016Novak Djokovic
93.1%
1992Pete Sampras
93%
2000Pete Sampras
93%
2001Pete Sampras
93%
1990Andre Agassi
90.5%
1995Andre Agassi
90.5%
2002Andre Agassi
90.5%
2005Andre Agassi
90.5%
2008Andy Murray
89.8%
1985John McEnroe
89.6%
1975Jimmy Connors
88.3%
1977Jimmy Connors
88.3%
1982Ivan Lendl
87.3%
1983Ivan Lendl
87.3%
1984Ivan Lendl
87.3%
1988Ivan Lendl
87.3%
1989Ivan Lendl
87.3%
2004Lleyton Hewitt
84.3%
2018Juan Martin Del Potro
78%
Year Runner-Up % Correct
1976Bjorn Borg
77.8%
1978Bjorn Borg
77.8%
1980Bjorn Borg
77.8%
1981Bjorn Borg
77.8%
1987Mats Wilander
76.7%
2006Andy Roddick
72.2%
1972Arthur Ashe
61.9%
2019Daniil Medvedev
58.6%
1996Michael Chang
58.3%
1991Jim Courier
54%
2014Kei Nishikori
49.2%
2017Kevin Anderson
46.2%
2003Juan Carlos Ferrero
30.4%
1994Michael Stich
29.4%
1974Ken Rosewall
29.1%
1999Todd Martin
24.6%
1997Greg Rusedski
23.7%
1998Mark Philippoussis
20.1%
1979Vitas Gerulaitis
18.9%
1993Cedric Pioline
16.7%
1971Jan Kodes
14.1%
1973Jan Kodes
14.1%
1969Tony Roche
14%
1970Tony Roche
14%
1986Miloslav Mecir
11.2%
1968Tom Okker
8.6%

You're not logged in!

Compare scores with friends on all Sporcle quizzes.
OR
Log In

Sporcle TV

Today on Sporcle TV


Watch our educational content, quiz creation guides, and fun videos on Sporcle TV.

Show Comments

Extras

Top Quizzes Today


Score Distribution

Your Account Isn't Verified!

In order to create a playlist on Sporcle, you need to verify the email address you used during registration. Go to your Sporcle Settings to finish the process.

Report this User

Report this user for behavior that violates our Community Guidelines.

Details: